[Event "BPB Limburg open B"]
[Site "Maastricht"]
[Date "2015.05.25"]
[Round "7"]
[White "Van Houtte, Randy"]
[Black "Van Loy, Rick"]
[Result "1-0"]
[WhiteElo "1956"]
[BlackElo "1966"]
[PlyCount "53"]
[EventDate "2015.05.22"]
[EventType "swiss"]
[EventRounds "7"]
[EventCountry "NED"]
[Source "P.Boonen"]
[SourceDate "2015.10.01"]

1. c4 Nf6 2. Nc3 g6 3. g3 c5 4. Bg2 Bg7 5. e4 Nc6 6. Nge2 d6 7. O-O h5 8. h4
Bg4 9. f3 Be6 10. d3 a6 11. Nd5 b5 12. Ne3 Qc8 13. Nf4 Bd7 14. Rb1 e6 15. b3
Ng8 16. Bb2 Bxb2 17. Rxb2 Qd8 18. Ne2 Qf6 19. Rd2 Nd4 20. Nc2 g5 21. Ncxd4 gxh4
22. Nc2 hxg3 23. f4 Qh4 24. Rf3 Qh2+ 25. Kf1 h4 26. Ng1 h3 27. Bxh3 1-0

[Event "BPB Limburg open B"]
[Site "Maastricht"]
[Date "2015.05.25"]
[Round "7"]
[White "Van Randtwijk, Mick"]
[Black "Brasse, Bram"]
[Result "1-0"]
[WhiteElo "1852"]
[BlackElo "1901"]
[PlyCount "71"]
[EventDate "2015.05.22"]
[EventType "swiss"]
[EventRounds "7"]
[EventCountry "NED"]
[Source "P.Boonen"]
[SourceDate "2015.10.01"]

1. e4 d5 2. exd5 Qxd5 3. Nc3 Qd6 4. Nf3 Nf6 5. d4 Bg4 6. Be2 c6 7. O-O Nbd7 8.
Be3 e6 9. h3 Bxf3 10. Bxf3 Qc7 11. Re1 Bd6 12. d5 cxd5 13. Nxd5 Nxd5 14. Bxd5
O-O 15. Be4 Nf6 16. Bd3 Rfd8 17. Bg5 Be7 18. Qf3 Nd5 19. Bxe7 Qxe7 20. a3 Qf6
21. Qxf6 Nxf6 22. Rad1 Kf8 23. c4 b6 24. b4 Rd4 25. Be2 Rad8 26. Rxd4 Rxd4 27.
Rc1 Ke7 28. c5 bxc5 29. Rxc5 Rd7 30. Bb5 Rd1+ 31. Kh2 Ne8 32. Bc6 Rd6 33. b5
Rd2 34. Rc4 Nd6 35. Ra4 Nc8 36. Bb7 1-0

[Event "BPB Limburg open B"]
[Site "Maastricht"]
[Date "2015.05.25"]
[Round "7"]
[White "Van Roon, Sjoerd"]
[Black "Senders, Justin"]
[Result "0-1"]
[WhiteElo "1853"]
[BlackElo "1986"]
[PlyCount "86"]
[EventDate "2015.05.22"]
[EventType "swiss"]
[EventRounds "7"]
[EventCountry "NED"]
[Source "P.Boonen"]
[SourceDate "2015.10.01"]

1. e4 c5 2. Nf3 e6 3. d4 cxd4 4. Nxd4 Nc6 5. Nc3 Qc7 6. Be3 a6 7. Be2 b5 8. a3
Bb7 9. Qd2 Nf6 10. O-O Be7 11. f4 d6 12. Bf3 Rc8 13. Qf2 Nxd4 14. Bxd4 e5 15.
fxe5 dxe5 16. Be3 O-O 17. Rac1 Qc4 18. Qg3 Bc5 19. Bxc5 Qxc5+ 20. Kh1 Rfd8 21.
Rcd1 Rd4 22. Rxd4 Qxd4 23. Rd1 Qc5 24. h3 h6 25. Nd5 Bxd5 26. exd5 e4 27. Bg4
Rd8 28. d6 Qxc2 29. d7 h5 30. Rd6 hxg4 31. Rxf6 gxf6 32. Qxg4+ Kf8 33. h4 Qc1+
34. Kh2 Qc7+ 35. Kh1 Rxd7 36. h5 f5 37. Qe2 Qc1+ 38. Kh2 Qf4+ 39. Kg1 Rd2 40.
Qe1 Qd6 41. Qh4 Rd1+ 42. Kf2 Qd2+ 43. Kg3 Qe1+ 0-1

[Event "BPB Limburg open B"]
[Site "Maastricht"]
[Date "2015.05.25"]
[Round "7"]
[White "Van de Griend, Johan"]
[Black "Meul, Willi"]
[Result "1/2-1/2"]
[WhiteElo "1907"]
[BlackElo "1831"]
[PlyCount "78"]
[EventDate "2015.05.22"]
[EventType "swiss"]
[EventRounds "7"]
[EventCountry "NED"]
[Source "P.Boonen"]
[SourceDate "2015.10.01"]

1. e4 c5 2. Nf3 d6 3. d4 cxd4 4. Nxd4 Nf6 5. Nc3 a6 6. Be3 e5 7. Nb3 Be6 8. Be2
Be7 9. O-O Qc7 10. Nd5 Nxd5 11. exd5 Bf5 12. c4 Nd7 13. Rc1 O-O 14. Nd2 Nc5 15.
a3 a5 16. Nb3 b6 17. f4 Bd7 18. Nxc5 bxc5 19. f5 Rfb8 20. Bd3 f6 21. g4 Rxb2
22. h4 h6 23. Rf3 Rab8 24. Rg3 Qd8 25. g5 hxg5 26. hxg5 fxg5 27. f6 Bxf6 28.
Qh5 R8b3 29. Qh7+ Kf8 30. Rf1 Rxd3 31. Qxd3 Kg8 32. Rgf3 Qe7 33. Qe4 g4 34.
Rxf6 gxf6 35. Qg6+ Qg7 36. Rxf6 Qxg6 37. Rxg6+ Kf7 38. Rxd6 Bf5 39. Bg5 Bd3
1/2-1/2

[Event "BPB Limburg open B"]
[Site "Maastricht"]
[Date "2015.05.25"]
[Round "7"]
[White "Van den Akker, Guus"]
[Black "Geboers, Jimmy"]
[Result "0-1"]
[WhiteElo "1753"]
[BlackElo "1889"]
[PlyCount "62"]
[EventDate "2015.05.22"]
[EventType "swiss"]
[EventRounds "7"]
[EventCountry "NED"]
[Source "P.Boonen"]
[SourceDate "2015.10.01"]

1. e4 e6 2. d3 d5 3. Qe2 Nf6 4. Nf3 Be7 5. g3 c5 6. Bg2 Nc6 7. O-O O-O 8. e5
Nd7 9. c4 dxc4 10. dxc4 Qc7 11. Bf4 b6 12. Nc3 a6 13. Rad1 Bb7 14. h4 Rfd8 15.
h5 Nf8 16. Ne4 Rxd1 17. Rxd1 Rd8 18. Nd6 Ba8 19. h6 g6 20. Qe3 f6 21. exf6 Bxd6
22. Rxd6 Rxd6 23. Ng5 Rd1+ 24. Kh2 e5 25. f7+ Kh8 26. Bxc6 exf4 27. Qc3+ Rd4
28. Bxa8 fxg3+ 29. fxg3 b5 30. b4 Qe5 31. bxc5 Rh4+ 0-1

[Event "BPB Limburg open B"]
[Site "Maastricht"]
[Date "2015.05.25"]
[Round "7"]
[White "Van den Berg, Jaap"]
[Black "De Freytas, Paul"]
[Result "0-1"]
[WhiteElo "1858"]
[BlackElo "1964"]
[PlyCount "58"]
[EventDate "2015.05.22"]
[EventType "swiss"]
[EventRounds "7"]
[EventCountry "NED"]
[Source "P.Boonen"]
[SourceDate "2015.10.01"]

1. e4 c6 2. d4 d5 3. e5 Bf5 4. Bd3 Bxd3 5. Qxd3 e6 6. Ne2 Qa5+ 7. c3 Qa6 8. Qf3
c5 9. O-O Nc6 10. a3 Nge7 11. g4 h5 12. h3 hxg4 13. hxg4 Ng6 14. Nf4 Nh4 15.
Qd1 cxd4 16. Re1 Be7 17. a4 Qb6 18. b4 dxc3 19. Nxc3 Bxb4 20. Ncxd5 exd5 21.
Nxd5 Qd8 22. Re4 Nf3+ 23. Qxf3 Qxd5 24. Bb2 O-O-O 25. Rc1 Kb8 26. Qg2 Qd2 27.
Rb1 Bc5 28. Ree1 Bxf2+ 29. Qxf2 Rh1+ 0-1

[Event "BPB Limburg open B"]
[Site "Maastricht"]
[Date "2015.05.25"]
[Round "7"]
[White "Van den Bos, Frans Pieter"]
[Black "Van Dongen, Eric"]
[Result "1/2-1/2"]
[WhiteElo "1959"]
[BlackElo "1813"]
[PlyCount "64"]
[EventDate "2015.05.22"]
[EventType "swiss"]
[EventRounds "7"]
[EventCountry "NED"]
[Source "P.Boonen"]
[SourceDate "2015.10.01"]

1. c4 Nf6 2. Nc3 g6 3. e4 d6 4. g3 Bg7 5. Bg2 e5 6. Nge2 O-O 7. O-O Nc6 8. d3
Ne7 9. d4 c5 10. d5 h6 11. f4 exf4 12. gxf4 Nh7 13. Be3 f5 14. e5 dxe5 15. fxe5
Bxe5 16. Bxh6 Rf7 17. Bf4 Qd6 18. Nb5 Qf6 19. d6 Nc6 20. Bd5 Bd7 21. Bxf7+ Kxf7
22. Nc7 Rh8 23. Qd5+ Kg7 24. Bxe5 Nxe5 25. Nf4 Ng5 26. Rae1 Ne4 27. Rxe4 Qg5+
28. Ng2 fxe4 29. Qxe4 Rf8 30. Rxf8 Kxf8 31. Qf4+ Qxf4 32. Nxf4 Nxc4 1/2-1/2

[Event "BPB Limburg open B"]
[Site "Maastricht"]
[Date "2015.05.25"]
[Round "7"]
[White "Van der Valk, Reiner"]
[Black "Van Foreest, Pieter"]
[Result "0-1"]
[WhiteElo "1759"]
[BlackElo "1825"]
[PlyCount "22"]
[EventDate "2015.05.22"]
[EventType "swiss"]
[EventRounds "7"]
[EventCountry "NED"]
[Source "P.Boonen"]
[SourceDate "2015.10.01"]

1. e4 e5 2. Nc3 Nc6 3. Bc4 d6 4. Nf3 Bg4 5. h3 Bh5 6. d3 Be7 7. O-O Nf6 8. Qe2
Nd4 9. Qe3 Nxc2 10. Qe2 Nxa1 11. Bd2 Nc2 0-1

[Event "BPB Limburg open B"]
[Site "Maastricht"]
[Date "2015.05.25"]
[Round "7"]
[White "Veelenturf, Wim"]
[Black "Plug, Arjan"]
[Result "0-1"]
[WhiteElo "1712"]
[BlackElo "1876"]
[PlyCount "98"]
[EventDate "2015.05.22"]
[EventType "swiss"]
[EventRounds "7"]
[EventCountry "NED"]
[Source "P.Boonen"]
[SourceDate "2015.10.01"]

1. d4 Nf6 2. c4 Nc6 3. Nf3 e6 4. Nc3 Bb4 5. e3 O-O 6. Bd3 d6 7. O-O Bxc3 8.
bxc3 e5 9. e4 Bg4 10. d5 Ne7 11. Bg5 Ng6 12. h3 Bd7 13. Nh4 h6 14. Nxg6 fxg6
15. Be3 Nh5 16. Be2 Nf4 17. Bg4 g5 18. Bxf4 Rxf4 19. f3 Bxg4 20. hxg4 Qd7 21.
Qe2 b6 22. Rf2 Raf8 23. g3 R4f6 24. Kg2 Qa4 25. Raf1 c6 26. Qd3 Kh8 27. Rb1
cxd5 28. cxd5 Rc8 29. Rb3 Rf7 30. Rc2 Rfc7 31. Kh3 Rc5 32. Rb1 b5 33. Rbc1 Qc4
34. Qxc4 Rxc4 35. Rb2 a6 36. Rb3 Ra4 37. a3 Kg8 38. Kg2 Kf7 39. Kf2 Ke7 40. Ke2
Kd7 41. Kd3 Rac4 42. Rb4 R8c5 43. Rc2 Kc7 44. Kd2 Kb6 45. Rb3 Ka5 46. Ra2 Rc7
47. Ra1 Rf7 48. Rf1 Rxe4 49. Rb4 Rc4 0-1

[Event "BPB Limburg open B"]
[Site "Maastricht"]
[Date "2015.05.25"]
[Round "7"]
[White "Visse, Bernard"]
[Black "Wlogalski, Olivier"]
[Result "1/2-1/2"]
[WhiteElo "1723"]
[BlackElo "1892"]
[PlyCount "140"]
[EventDate "2015.05.22"]
[EventType "swiss"]
[EventRounds "7"]
[EventCountry "NED"]
[Source "P.Boonen"]
[SourceDate "2015.10.01"]

1. d4 Nf6 2. Bf4 d5 3. e3 c5 4. dxc5 Qa5+ 5. Nc3 Qxc5 6. Bxb8 Rxb8 7. Bb5+ Bd7
8. Bxd7+ Kxd7 9. Nf3 e6 10. O-O Bd6 11. Nd4 a6 12. Qe2 Rhd8 13. Rfd1 Ke7 14.
Qf3 Be5 15. a3 b5 16. Na2 Rbc8 17. Rac1 h6 18. Nb4 Qb6 19. c3 Kf8 20. Nd3 Bb8
21. Ne2 a5 22. Nef4 Qc7 23. g3 Qc4 24. Nh5 Nxh5 25. Qxh5 Qa2 26. Rd2 b4 27.
cxb4 Rxc1+ 28. Nxc1 Qb1 29. Qd1 axb4 30. a4 Rc8 31. Nd3 Qxd1+ 32. Rxd1 Bd6 33.
Rc1 Rxc1+ 34. Nxc1 Ke7 35. b3 e5 36. Nd3 g5 37. g4 Ke6 38. h3 f5 39. f3 e4 40.
Ne1 Ke5 41. fxe4 fxg4 42. hxg4 Kxe4 43. Kf2 d4 44. Ke2 dxe3 45. a5 Bc5 46. Nd3
Bd4 47. a6 Kd5 48. Nxb4+ Kd6 49. Nc2 Ba7 50. Nxe3 Kc6 51. Nf5 Kb6 52. Nxh6 Kxa6
53. Nf7 Kb5 54. Nxg5 Kb4 55. Ne6 Kxb3 56. Kd3 Bf2 57. g5 Bh4 58. g6 Bf6 59. Nf4
Bh8 60. Nd5 Bg7 61. Ke4 Kc4 62. Ne7 Kc5 63. Kf4 Ba1 64. Kg5 Kd6 65. Ng8 Ke6 66.
Kh6 Bb2 67. Kh7 Ba1 68. Nh6 Bb2 69. Nf7 Ba1 70. Kg8 Ke7 1/2-1/2

[Event "BPB Limburg open B"]
[Site "Maastricht"]
[Date "2015.05.25"]
[Round "7"]
[White "Wedda, Dries"]
[Black "Fortenbacher, Florian"]
[Result "1-0"]
[WhiteElo "1674"]
[BlackElo "1678"]
[PlyCount "107"]
[EventDate "2015.05.22"]
[EventType "swiss"]
[EventRounds "7"]
[EventCountry "NED"]
[Source "P.Boonen"]
[SourceDate "2015.10.01"]

1. d4 d5 2. c4 c6 3. Nf3 Nf6 4. Nc3 e6 5. e3 a6 6. b3 Bb4 7. Bd2 O-O 8. Bd3 b5
9. O-O Nbd7 10. Ne5 Bxc3 11. Bxc3 Nxe5 12. dxe5 Ne4 13. Bxe4 dxe4 14. Bb4 Re8
15. Qc2 Qh4 16. Bd6 Bb7 17. c5 a5 18. Rfd1 Rec8 19. Rd4 Qg4 20. Rxe4 Qg6 21. f3
Rd8 22. Qd2 f5 23. exf6 Qxf6 24. Rd1 Rd7 25. Rd4 a4 26. Be5 Rxd4 27. Qxd4 Qf7
28. bxa4 bxa4 29. Bxg7 Qxg7 30. Qxg7+ Kxg7 31. Rd7+ Kg6 32. Rxb7 Ra5 33. Rb4
Kf5 34. e4+ Kf4 35. Kf2 Rxc5 36. g3+ Kg5 37. Rxa4 Rc3 38. Ra6 Kf6 39. a4 Ke5
40. a5 Kd4 41. Ra7 Rc2+ 42. Kg1 Ke3 43. a6 Ra2 44. Rxh7 Rxa6 45. Rf7 Ra2 46. h4
c5 47. h5 c4 48. h6 c3 49. Rc7 c2 50. h7 Ra1+ 51. Kg2 Ra2 52. Rc3+ Kd4 53.
h8=Q+ e5 54. Rxc2 1-0

[Event "BPB Limburg open B"]
[Site "Maastricht"]
[Date "2015.05.25"]
[Round "7"]
[White "Westerweele, Henrik"]
[Black "Mitran, Anthony Cristian"]
[Result "0-1"]
[WhiteElo "1906"]
[BlackElo "1870"]
[PlyCount "88"]
[EventDate "2015.05.22"]
[EventType "swiss"]
[EventRounds "7"]
[EventCountry "NED"]
[Source "P.Boonen"]
[SourceDate "2015.10.01"]

1. e4 e5 2. Nf3 Nc6 3. Bc4 Nf6 4. d3 Be7 5. c3 O-O 6. Nbd2 d6 7. Nf1 a6 8. Bb3
b5 9. Ne3 g6 10. h3 Bb7 11. g4 Na5 12. Bc2 Re8 13. b4 Nc6 14. Bb3 Nb8 15. h4
Bf8 16. h5 c6 17. hxg6 hxg6 18. g5 Nh7 19. Bxf7+ Kxf7 20. Rxh7+ Bg7 21. Qb3+ d5
22. Ng4 Kg8 23. Nf6+ Bxf6 24. Rxb7 Bg7 25. Be3 Qc8 26. Rxb8 Rxb8 27. exd5 cxd5
28. Qxd5+ Qe6 29. Qxe6+ Rxe6 30. Nd2 Rd6 31. Ne4 Rxd3 32. Rd1 Rxd1+ 33. Kxd1
Kf7 34. Kc2 Bf8 35. Kb3 Be7 36. a3 Ra8 37. Kc2 Ke6 38. Kb3 Kf5 39. f3 Rd8 40.
Ng3+ Ke6 41. Kc2 Rh8 42. Kd3 Rh3 43. Ne2 Rxf3 44. Ke4 Rh3 0-1

[Event "BPB Limburg open B"]
[Site "Maastricht"]
[Date "2015.05.25"]
[Round "7"]
[White "Willockx, Ritsaart"]
[Black "Rutten, David"]
[Result "1-0"]
[WhiteElo "1908"]
[BlackElo "1826"]
[PlyCount "105"]
[EventDate "2015.05.22"]
[EventType "swiss"]
[EventRounds "7"]
[EventCountry "NED"]
[Source "P.Boonen"]
[SourceDate "2015.10.01"]

1. b3 d5 2. Bb2 Nf6 3. e3 c5 4. Bb5+ Nc6 5. Ne2 g6 6. O-O Bg7 7. Bxc6+ bxc6 8.
d3 O-O 9. Nd2 Re8 10. Nf3 Nd7 11. Bxg7 Kxg7 12. d4 e5 13. dxe5 Nxe5 14. Nxe5
Rxe5 15. Nf4 Re8 16. Qd2 Qe7 17. Rfd1 Bg4 18. Re1 Bf5 19. c4 dxc4 20. Qc3+ Qe5
21. Qxc4 Rad8 22. Rac1 g5 23. Nh5+ Kg6 24. Ng3 Rd2 25. Qxc5 Rxa2 26. Nxf5 Qxf5
27. Qxf5+ Kxf5 28. Rxc6 Rd8 29. e4+ Ke5 30. Rc5+ Kf6 31. Rf5+ Kg6 32. g3 Rd4
33. g4 Rb4 34. Re3 Ra3 35. Rff3 a5 36. h3 a4 37. bxa4 Raxa4 38. e5 Rb6 39. Kg2
Ra5 40. Rf5 h5 41. Ref3 hxg4 42. hxg4 Re6 43. Rf6+ Rxf6 44. Rxf6+ Kg7 45. Rf5
Kg6 46. e6 Ra7 47. exf7 Rxf7 48. Rxf7 Kxf7 49. Kf3 Kf6 50. Ke4 Ke6 51. f3 Kf6
52. Kd5 Kf7 53. Ke5 1-0

[Event "BPB Limburg open B"]
[Site "Maastricht"]
[Date "2015.05.25"]
[Round "7"]
[White "Winand, Michael"]
[Black "Holwijn, Melvin"]
[Result "0-1"]
[WhiteElo "1757"]
[BlackElo "1927"]
[PlyCount "62"]
[EventDate "2015.05.22"]
[EventType "swiss"]
[EventRounds "7"]
[EventCountry "NED"]
[Source "P.Boonen"]
[SourceDate "2015.10.01"]

1. e4 e5 2. Nf3 Nf6 3. d4 Nxe4 4. Nxe5 d6 5. Nf3 d5 6. Nbd2 Nc6 7. c3 Be7 8.
Bd3 f5 9. O-O O-O 10. Qc2 Be6 11. Re1 Bd6 12. b4 Qf6 13. Nf1 h6 14. b5 Nd8 15.
Ne5 Bxe5 16. dxe5 Qxe5 17. f3 Qxc3 18. fxe4 Qxa1 19. exf5 Bf7 20. Bd2 Qf6 21.
Ng3 Be8 22. Kh1 Bf7 23. Bf4 Re8 24. Rxe8+ Bxe8 25. Qxc7 Qb6 26. Qe5 Nf7 27. Qc3
Bxb5 28. Bc7 Qc6 29. Qxc6 Bxc6 30. Ne2 Re8 31. Bf4 Ne5 0-1

[Event "BPB Limburg open B"]
[Site "Maastricht"]
[Date "2015.05.25"]
[Round "7"]
[White "Wuijts, Johan"]
[Black "Verhoef, Ruud"]
[Result "1/2-1/2"]
[WhiteElo "1782"]
[BlackElo "1897"]
[PlyCount "26"]
[EventDate "2015.05.22"]
[EventType "swiss"]
[EventRounds "7"]
[EventCountry "NED"]
[Source "P.Boonen"]
[SourceDate "2015.10.01"]

1. e4 e5 2. Nf3 Nf6 3. d4 Nxe4 4. Bd3 d5 5. dxe5 Nc5 6. Be2 Be7 7. O-O Bg4 8.
Nd4 Bxe2 9. Qxe2 Qd7 10. f4 Nc6 11. c3 O-O-O 12. Nd2 Nxd4 13. cxd4 Ne4 1/2-1/2

[Event "BPB Limburg open B"]
[Site "Maastricht"]
[Date "2015.05.25"]
[Round "7"]
[White "Zatyko, Ferry"]
[Black "Klein, Gernot"]
[Result "1-0"]
[WhiteElo "1777"]
[BlackElo "1971"]
[PlyCount "82"]
[EventDate "2015.05.22"]
[EventType "swiss"]
[EventRounds "7"]
[EventCountry "NED"]
[Source "P.Boonen"]
[SourceDate "2015.10.01"]

1. e4 c5 2. Nc3 e6 3. g3 d5 4. exd5 exd5 5. d4 Nf6 6. Bg2 cxd4 7. Qxd4 Nc6 8.
Qd1 Be6 9. Nf3 Be7 10. O-O O-O 11. Nd4 Bg4 12. Nxc6 bxc6 13. Qd4 c5 14. Qd3 Be6
15. h3 Rb8 16. Rd1 Qb6 17. Bf4 Rbd8 18. Qb5 Qxb5 19. Nxb5 Nh5 20. Be5 a6 21.
Nc7 Bd6 22. Bxd6 Rxd6 23. Nxd5 Rfd8 24. c4 Kf8 25. b3 Nf6 26. Nc3 Rxd1+ 27.
Rxd1 Rxd1+ 28. Nxd1 Ke7 29. Nc3 Kd6 30. Kf1 Ke5 31. Ke2 Kd4 32. Kd2 Bc8 33.
Ne2+ Ke5 34. f4+ Kd6 35. g4 Ne8 36. Ke3 Nc7 37. Ng3 Ke7 38. Be4 h6 39. Bf5 Bxf5
40. Nxf5+ Kf6 41. Ke4 Ne6 {.....} 1-0

[Event "BPB Limburg-open C"]
[Site "Maastricht"]
[Date "2015.05.22"]
[Round "1"]
[White "Bertrand, Sjors"]
[Black "Dethier, Krista"]
[Result "0-1"]
[WhiteElo "900"]
[BlackElo "1325"]
[PlyCount "66"]
[EventDate "2015.05.22"]
[EventType "swiss"]
[EventRounds "7"]
[EventCountry "NED"]
[Source "P.Boonen"]
[SourceDate "2015.01.01"]

1. e4 c6 2. Nf3 d5 3. exd5 cxd5 4. d4 Nf6 5. Be2 e6 6. O-O Bd6 7. Nbd2 O-O 8.
Bd3 Nc6 9. c3 Re8 10. Re1 e5 11. dxe5 Nxe5 12. Nxe5 Bxe5 13. Nf3 Bc7 14. Bg5
Bg4 15. Rxe8+ Qxe8 16. Bxf6 gxf6 17. h3 Bxf3 18. Qxf3 Qe5 19. g3 Kh8 20. Bb5
Rg8 21. Rd1 Bb6 22. Rxd5 Rxg3+ 23. Kf1 Rxf3 24. Rxe5 fxe5 25. Kg2 Rxf2+ 26. Kg3
Rxb2 27. Bc4 f6 28. Kg4 Rf2 29. Bd5 f5+ 30. Kg5 e4 31. Kh4 e3 32. Bc4 e2 33.
Bxe2 Rxe2 0-1

[Event "BPB Limburg-open C"]
[Site "Maastricht"]
[Date "2015.05.22"]
[Round "1"]
[White "Beukema, Constantijn"]
[Black "Ulburghs, Piet"]
[Result "1-0"]
[WhiteElo "1553"]
[BlackElo "1667"]
[PlyCount "61"]
[EventDate "2015.05.22"]
[EventType "swiss"]
[EventRounds "7"]
[EventCountry "NED"]
[Source "P.Boonen"]
[SourceDate "2015.01.01"]

1. e4 c5 2. d4 cxd4 3. c3 dxc3 4. Nxc3 e6 5. Nf3 Nc6 6. Bf4 d6 7. e5 Nxe5 8.
Nxe5 dxe5 9. Qxd8+ Kxd8 10. O-O-O+ Ke7 11. Bxe5 f6 12. Bc7 Kf7 13. Bc4 a6 14.
Rhe1 Bb4 15. Rd8 Be7 16. Rxc8 Rxc8 17. Bxe6+ Kg6 18. Bxc8 b5 19. Bxa6 b4 20.
Nd5 Kf7 21. Bc4 Kf8 22. Nb6 Nh6 23. Nd7+ Ke8 24. Bb5 Kf7 25. Nb6 Nf5 26. Bc4+
Ke8 27. Nd5 h5 28. Nxe7 Nxe7 29. Bd6 Kd7 30. Bxe7 Rc8 31. b3 1-0

[Event "BPB Limburg-open C"]
[Site "Maastricht"]
[Date "2015.05.22"]
[Round "1"]
[White "Beusen, Frank"]
[Black "Wenzel, Jakoba"]
[Result "1-0"]
[WhiteElo "1415"]
[BlackElo "1176"]
[PlyCount "46"]
[EventDate "2015.05.22"]
[EventType "swiss"]
[EventRounds "7"]
[EventCountry "NED"]
[Source "P.Boonen"]
[SourceDate "2015.01.01"]

1. d4 e6 2. c4 Nf6 3. Nf3 b6 4. g3 Bb7 5. Bg2 Be7 6. O-O O-O 7. Nc3 d5 8. cxd5
exd5 9. a3 Re8 10. Re1 a5 11. Qc2 Nc6 12. Bg5 Ne4 13. Bxe7 Rxe7 14. e3 Na7 15.
a4 c5 16. Ne5 Nc6 17. Nxe4 dxe4 18. Nxc6 Bxc6 19. dxc5 Re5 20. cxb6 Qxb6 21.
Rec1 Rd8 22. Qxc6 Rd1+ 23. Bf1 Rxc1 1-0

[Event "BPB Limburg-open C"]
[Site "Maastricht"]
[Date "2015.05.22"]
[Round "1"]
[White "Bloem, Robert"]
[Black "Zheng, Mandy"]
[Result "1-0"]
[WhiteElo "1249"]
[BlackElo "900"]
[PlyCount "59"]
[EventDate "2015.05.22"]
[EventType "swiss"]
[EventRounds "7"]
[EventCountry "NED"]
[Source "P.Boonen"]
[SourceDate "2015.01.01"]

1. e4 e5 2. Nf3 d6 3. h3 Nf6 4. Nc3 Be7 5. Bc4 Nc6 6. O-O Na5 7. Bb3 Nxb3 8.
axb3 O-O 9. d3 b6 10. Be3 c6 11. d4 d5 12. Nxe5 Ba6 13. Rxa6 Qc8 14. Qe2 Qb8
15. Bf4 Bb4 16. f3 Bxc3 17. bxc3 Qc8 18. b4 Nh5 19. Ng4 dxe4 20. fxe4 Nxf4 21.
Rxf4 b5 22. Ra1 Qb8 23. e5 Re8 24. Qe3 a5 25. Qg3 g5 26. Nf6+ Kf8 27. Nd7+ Kg7
28. Qxg5+ Kh8 29. Qf6+ Kg8 30. Rg4# 1-0

[Event "BPB Limburg-open C"]
[Site "Maastricht"]
[Date "2015.05.22"]
[Round "1"]
[White "Boesmans, Peter"]
[Black "Linschoten, Astrid"]
[Result "1-0"]
[WhiteElo "1286"]
[BlackElo "900"]
[PlyCount "73"]
[EventDate "2015.05.22"]
[EventType "swiss"]
[EventRounds "7"]
[EventCountry "NED"]
[Source "P.Boonen"]
[SourceDate "2015.01.01"]

1. e4 e6 2. d3 d5 3. Nd2 c5 4. Be2 Nc6 5. c3 Qb6 6. Ngf3 Bd6 7. Qc2 d4 8. Nc4
Qc7 9. Nxd6+ Qxd6 10. O-O Nf6 11. Re1 e5 12. Nd2 Be6 13. Nf1 O-O 14. Ng3 Rad8
15. Rd1 h6 16. a3 Na5 17. c4 b5 18. b3 Qb6 19. Rb1 Nc6 20. Rf1 Ng4 21. h3 Nf6
22. f4 bxc4 23. bxc4 Qc7 24. f5 Bd7 25. Bd2 Rb8 26. Ra1 Na5 27. Rfb1 Rxb1+ 28.
Rxb1 Rb8 29. Rxb8+ Qxb8 30. Bxa5 Qe8 31. Qb2 Bc6 32. Bd1 Nd7 33. Bb3 Qb8 34.
Qc2 Nb6 35. Qd1 f6 36. Bd2 Nd7 37. Kh2 1-0

[Event "BPB Limburg-open C"]
[Site "Maastricht"]
[Date "2015.05.22"]
[Round "1"]
[White "Boons, Lucien"]
[Black "Heinen, Dai"]
[Result "1/2-1/2"]
[WhiteElo "1630"]
[BlackElo "1510"]
[PlyCount "46"]
[EventDate "2015.05.22"]
[EventType "swiss"]
[EventRounds "7"]
[EventCountry "NED"]
[Source "P.Boonen"]
[SourceDate "2015.01.01"]

1. e4 e5 2. Nf3 d6 3. b3 Bg4 4. Be2 Nf6 5. Nc3 Be7 6. Bb2 Nbd7 7. h3 Bxf3 8.
Bxf3 c6 9. O-O O-O 10. d3 Qc7 11. Qe2 Rfe8 12. Rfe1 Nf8 13. Nd1 Ng6 14. Ne3
Rad8 15. Nf5 Bf8 16. Rad1 Ne7 17. Nxe7+ Bxe7 18. c4 a6 19. Qc2 c5 20. a4 a5 21.
Bc1 b6 22. Qe2 Nd7 23. Bg4 Nf6 1/2-1/2

[Event "BPB Limburg-open C"]
[Site "Maastricht"]
[Date "2015.05.22"]
[Round "1"]
[White "Borsten, Chris"]
[Black "Langbroek, Aarnout"]
[Result "1/2-1/2"]
[WhiteElo "1557"]
[BlackElo "1679"]
[PlyCount "69"]
[EventDate "2015.05.22"]
[EventType "swiss"]
[EventRounds "7"]
[EventCountry "NED"]
[Source "P.Boonen"]
[SourceDate "2015.01.01"]

1. e4 d6 2. d4 Nf6 3. Nc3 g6 4. Nf3 Bg7 5. Bc4 O-O 6. O-O Bg4 7. h3 Bxf3 8.
Qxf3 Nbd7 9. Be3 c6 10. Rad1 Qc7 11. Ne2 c5 12. dxc5 Nxc5 13. Bxc5 Qxc5 14. Bb3
Rac8 15. c3 Nd7 16. Nd4 a6 17. Qe3 Ne5 18. f4 Nc6 19. Nc2 Na5 20. Qxc5 Rxc5 21.
Ne3 Nxb3 22. axb3 Rfc8 23. Nd5 Kf8 24. b4 R5c6 25. f5 Re8 26. f6 exf6 27. Nxf6
Bxf6 28. Rxf6 Rxe4 29. Rfxd6 Rxd6 30. Rxd6 f5 31. Rb6 Re7 32. c4 Ke8 33. Kf2
Kd8 34. c5 Kc7 35. Rf6 1/2-1/2

[Event "BPB Limburg-open C"]
[Site "Maastricht"]
[Date "2015.05.22"]
[Round "1"]
[White "Boudry, Rik"]
[Black "Baselmans, Daan"]
[Result "1-0"]
[WhiteElo "1355"]
[BlackElo "900"]
[PlyCount "53"]
[EventDate "2015.05.22"]
[EventType "swiss"]
[EventRounds "7"]
[EventCountry "NED"]
[Source "P.Boonen"]
[SourceDate "2015.01.01"]

1. e4 e5 2. Bc4 Nf6 3. Nc3 Nc6 4. d3 Bc5 5. Nge2 h6 6. Na4 Bd4 7. c3 Bb6 8.
Nxb6 axb6 9. O-O d6 10. f4 Bg4 11. f5 Ra5 12. b4 Bxe2 13. Qxe2 Ra7 14. Be3 d5
15. exd5 Nxd5 16. Bxd5 Qxd5 17. c4 Qd7 18. a3 Nd4 19. Qg4 Nc2 20. Qxg7 Rf8 21.
Bxh6 Qd4+ 22. Kh1 Nxa1 23. Qxf8+ Kd7 24. Qxf7+ Kc8 25. Qe8+ Qd8 26. Qxd8+ Kxd8
27. Rxa1 1-0

[Event "BPB Limburg-open C"]
[Site "Maastricht"]
[Date "2015.05.22"]
[Round "1"]
[White "Chappin, Rene"]
[Black "Roemhild, Wolfgang"]
[Result "1-0"]
[WhiteElo "1608"]
[BlackElo "1735"]
[PlyCount "117"]
[EventDate "2015.05.22"]
[EventType "swiss"]
[EventRounds "7"]
[EventCountry "NED"]
[Source "P.Boonen"]
[SourceDate "2015.01.01"]

1. c4 g6 2. Nc3 Bg7 3. Nf3 d6 4. g3 Nc6 5. Bg2 Be6 6. d3 h6 7. O-O Nf6 8. a3
O-O 9. Bd2 Kh7 10. b4 Ng8 11. Rc1 Qd7 12. e3 Rae8 13. Ne2 Bb2 14. Rb1 Bg7 15.
Nf4 Bg4 16. h3 e5 17. hxg4 exf4 18. exf4 f5 19. g5 Nd4 20. gxh6 Nxf3+ 21. Qxf3
Bf6 22. Qxb7 Re2 23. Be3 Nxh6 24. Bf3 Ra2 25. Qxa7 Rf7 26. Kg2 Kg7 27. Bd4 Ng8
28. Bxf6+ Nxf6 29. b5 Rd2 30. Qd4 Re7 31. Rfe1 Qe8 32. Rxe7+ Qxe7 33. Qc3 Ra2
34. Re1 Qf8 35. Bc6 d5 36. Qe5 Qc5 37. Qe7+ Qxe7 38. Rxe7+ Kf8 39. Rxc7 Ng4 40.
Bxd5 Rxf2+ 41. Kg1 Ra2 42. b6 Rxa3 43. b7 Ra1+ 44. Kg2 Ra2+ 45. Kf1 Ra1+ 46.
Ke2 Ra2+ 47. Kd1 Nf2+ 48. Kc1 Nxd3+ 49. Kb1 Rb2+ 50. Ka1 Ke8 51. Rc8+ Kd7 52.
b8=Q Rxb8 53. Rxb8 Kd6 54. Rb6+ Kc5 55. Rxg6 Nb4 56. Rg5 Nc2+ 57. Kb2 Ne3 58.
Kc3 Nf1 59. Be6 1-0